书目信息 |
| 题名: |
工程流体力学习题解析
|
|
| 作者: | 周云龙 , 洪文鹏 , 张玲 编 | |
| 分册: | ||
| 出版信息: | 北京 中国电力出版社 2007.09 |
|
| 页数: | 119页 | |
| 开本: | 26cm | |
| 丛书名: | ||
| 单 册: | ||
| 中图分类: | TB126-44 | |
| 科图分类: | ||
| 主题词: | 工程力学--gong cheng li xue--流体力学--高等教育--解题 | |
| 电子资源: | ||
| ISBN: | 978-7-5083-5955-7 | |
| 000 | 01041nam0 2200265 450 | |
| 001 | 012007983508 | |
| 005 | 20210407093913.94 | |
| 010 | @a978-7-5083-5955-7@dCNY12.80 | |
| 100 | @a20071228d2007 km y0chiy0120 ea | |
| 101 | 0 | @achi |
| 102 | @aCN@b110000 | |
| 105 | @aak a 000yy | |
| 200 | 1 | @a工程流体力学习题解析@Agong cheng liu ti li xue xi ti jie xi@f周云龙, 洪文鹏, 张玲合编@Fzhou yun long,hong wen peng,zhang ling he bian |
| 210 | @a北京@c中国电力出版社@d2007.09 | |
| 215 | @a119页@c图@d26cm | |
| 300 | @a普通高等教育“十一五”规划教材 | |
| 320 | @a有书目 (第119页) | |
| 330 | @a本书共分七章,内容包括导论、流体静力学、流体动力学基础、不可压缩流体的旋流动和二维无旋流动、不可压缩流体二维边界层概述、黏性流体的一维定常流动和气体一维高速流动。 | |
| 606 | 0 | @a工程力学@Agong cheng li xue@x流体力学@x高等教育@j解题 |
| 690 | @aTB126-44@v4 | |
| 701 | 0 | @a周云龙@Azhou yun long@4编 |
| 701 | 0 | @a洪文鹏@Ahong wen peng@4编 |
| 701 | 0 | @a张玲@Azhang ling@4编 |
| 801 | 0 | @aCN@bQSSK@c20071229 |
| 905 | @b274151-53@dTB126-44@eZ813@f3 | |
| 工程流体力学习题解析/周云龙, 洪文鹏, 张玲合编.-北京:中国电力出版社,2007.09 |
| 119页:图;26cm |
| 普通高等教育“十一五”规划教材 |
| ISBN 978-7-5083-5955-7:CNY12.80 |
| 本书共分七章,内容包括导论、流体静力学、流体动力学基础、不可压缩流体的旋流动和二维无旋流动、不可压缩流体二维边界层概述、黏性流体的一维定常流动和气体一维高速流动。 |
| ● |
| 相关链接 |
|
|
|
正题名:工程流体力学习题解析
索取号:TB126-44/Z813
 
预约/预借
| 序号 | 登录号 | 条形码 | 馆藏地/架位号 | 状态 | 备注 |
| 1 | 1504868 | 215048687 | 期刊室512/ [索取号:TB126-44/Z813] | 在馆 | |
| 2 | 274151 | 202741514 | 自科库501/ [索取号:TB126-44/Z813] | 在馆 | |
| 3 | 274152 | 202741523 | 自科库501/ [索取号:TB126-44/Z813] | 在馆 | |
| 4 | 274153 | 202741532 | 自科库501/501自科库 4排2列5层/ [索取号:TB126-44/Z813] | 在馆 |